000
00238nam a22000857a 4500
008
240104b ||||| |||| 00| 0 eng d
100
_a
Datz, Stephen R.
245
_a
Top Dollar Paid
260
_a
Loveland, CO
_b
General Philatelic Corporation
_c
1990
999
_c
3582
_d
3582